000 00621nam a22001817a 4500
005 20251108172742.0
008 250721s2001 xx 000 0 ara d
082 1 4 _a410.7/لغة
100 1 _aالدروبي، محمد محمود
_eمؤلف
245 1 0 _aاللغة العربية للدراسات الإسلامية والقانونية /
264 1 _aعمان :
_bجمعية عمال المطابع الأردنية،
_c2001.
300 _a320ص
650 1 7 _aاللغة العربية
650 1 7 _aالتدريس
700 1 _aالعبسي، محمد موسى
_eمؤلف
942 _2ddc
_cBK
999 _c87581
_d87581